[Event "Portugal Open Semirrapidas"]
[Site "Lisboa POR"]
[Date "2020.02.02"]
[Round "4.33"]
[White "CARNEIRO, Carlos"]
[Black "VINAGRE, Pedro"]
[Result "0-1"]
[BlackElo "1800"]
[WhiteElo "2106"]
[LiveChessVersion "1.4.8"]

1. d4 {[%clk 0:15:08]} d5 {[%clk 0:15:07]} 2. Nf3 Nf6 {[%clk 0:15:04]} 3. c4
{[%clk 0:15:13]} c6 {[%clk 0:15:01]} 4. Nc3 {[%clk 0:15:15]} Bf5 {[%clk 0:14:43]}
5. Bf4 {[%clk 0:14:16]} e6 {[%clk 0:14:30]} 6. e3 {[%clk 0:14:07]} Be7
{[%clk 0:12:16]} 7. Rc1 {[%clk 0:14:06]} O-O {[%clk 0:12:14]} 8. Be2
{[%clk 0:13:44]} Ne4 {[%clk 0:10:59]} 9. O-O {[%clk 0:13:39]} h6 {[%clk 0:10:54]}
10. Nd2 {[%clk 0:13:05]} Nxc3 {[%clk 0:10:23]} 11. Rxc3 {[%clk 0:13:01]} Nd7
{[%clk 0:10:12]} 12. cxd5 {[%clk 0:12:33]} exd5 {[%clk 0:10:09]} 13. a3
{[%clk 0:10:41]} Nf6 {[%clk 0:09:40]} 14. b4 {[%clk 0:10:26]} Bd6
{[%clk 0:09:21]} 15. Bg3 {[%clk 0:10:17]} a6 {[%clk 0:08:19]} 16. Qb3
{[%clk 0:09:54]} Re8 {[%clk 0:08:09]} 17. a4 {[%clk 0:09:46]} Qe7
{[%clk 0:07:42]} 18. Bxd6 {[%clk 0:09:42]} Qxd6 {[%clk 0:07:45]} 19. b5
{[%clk 0:09:43]} axb5 {[%clk 0:07:41]} 20. axb5 {[%clk 0:09:46]} Rec8
{[%clk 0:07:23]} 21. Rfc1 {[%clk 0:09:21]} Ng4 {[%clk 0:05:36]} 22. Bxg4
{[%clk 0:09:12]} Bxg4 {[%clk 0:05:39]} 23. bxc6 {[%clk 0:08:59]} bxc6
{[%clk 0:05:37]} 24. h3 {[%clk 0:08:06]} Be2 {[%clk 0:05:26]} 25. Qb6
{[%clk 0:07:16]} Bb5 {[%clk 0:04:15]} 26. Nf3 {[%clk 0:07:07]} f6
{[%clk 0:04:05]} 27. Nh4 {[%clk 0:06:24]} Ra6 {[%clk 0:03:48]} 28. Qc5
{[%clk 0:05:39]} Qxc5 {[%clk 0:03:28]} 29. Rxc5 {[%clk 0:05:42]} Rca8
{[%clk 0:03:09]} 30. Nf5 {[%clk 0:05:39]} Kf8 {[%clk 0:02:25]} 31. Nd6
{[%clk 0:04:59]} Ba4 {[%clk 0:02:15]} 32. Rb1 {[%clk 0:04:34]} R6a7
{[%clk 0:01:44]} 33. Kh2 {[%clk 0:03:32]} Ke7 {[%clk 0:01:09]} 34. Nf5+
{[%clk 0:03:34]} Kf7 {[%clk 0:01:14]} 35. Kg3 {[%clk 0:03:04]} h5
{[%clk 0:01:17]} 36. e4 {[%clk 0:01:44]} g6 {[%clk 0:01:21]} 37. Ne3
{[%clk 0:01:47]} dxe4 {[%clk 0:01:20]} 38. Nc4 {[%clk 0:01:44]} Rd8
{[%clk 0:00:55]} 39. Ra1 {[%clk 0:01:13]} Rxd4 {[%clk 0:00:25]} 40. Nb2
{[%clk 0:01:17]} Rb4 {[%clk 0:00:13]} 41. Nc4 {[%clk 0:00:55]} Rd7
{[%clk 0:00:11]} 42. Ne3 {[%clk 0:00:47]} f5 {[%clk 0:00:10]} 43. h4
{[%clk 0:00:47]} Ke6 {[%clk 0:00:11]} 44. Ra5 {[%clk 0:00:31]} Bb5
{[%clk 0:00:14]} 45. Ra8 {[%clk 0:00:34]} Rb3 {[%clk 0:00:13]} 46. Kf4
{[%clk 0:00:28]} Rb2 {[%clk 0:00:13]} 47. Kg3 {[%clk 0:00:17]} f4+
{[%clk 0:00:17]} 48. Kxf4 {[%clk 0:00:13]} Rxf2+ {[%clk 0:00:20]} 49. Kg3
{[%clk 0:00:11]} Rb2 {[%clk 0:00:22]} 50. Re8+ {[%clk 0:00:13]} Kf7
{[%clk 0:00:23]} 51. Re5 {[%clk 0:00:10]} Rb3 {[%clk 0:00:20]} 52. Kf4
{[%clk 0:00:14]} Kg7 {[%clk 0:00:21]} 53. Re1 {[%clk 0:00:15]} Rf7+
{[%clk 0:00:24]} 54. Kg3 Bd3 {[%clk 0:00:25]} 55. Rc5 {[%clk 0:00:08]} Rf6
{[%clk 0:00:26]} 56. Rec1 {[%clk 0:00:11]} Rb6 {[%clk 0:00:26]} 57. Re1
{[%clk 0:00:07]} Rb3 {[%clk 0:00:28]} 58. Rec1 {[%clk 0:00:11]} Bb5
{[%clk 0:00:32]} 59. Re1 {[%clk 0:00:14]} Rd6 {[%clk 0:00:32]} 60. Kh2
{[%clk 0:00:15]} Rdd3 {[%clk 0:00:31]} 61. Nf1 {[%clk 0:00:11]} Rd4
{[%clk 0:00:31]} 62. Rg5 {[%clk 0:00:11]} e3 {[%clk 0:00:30]} 63. Nxe3
{[%clk 0:00:06]} Rxh4+ {[%clk 0:00:32]} 64. Kg3 {[%clk 0:00:09]} Re4
{[%clk 0:00:34]} 65. Kf3 {[%clk 0:00:13]} Re6 {[%clk 0:00:32]} 66. Nf5+
{[%clk 0:00:15]} Kf6+ {[%clk 0:00:33]} 67. Rxe6+ {[%clk 0:00:18]} Kxe6+
{[%clk 0:00:37]} 68. Nd4+ {[%clk 0:00:23]} Kf6+ {[%clk 0:00:40]} 69. Nxb3
{[%clk 0:00:09]} Kxg5 {[%clk 0:00:44]} 70. Nc5 {[%clk 0:00:06]} Kf5
{[%clk 0:00:45]} 71. Nb3 {[%clk 0:00:10]} g5 {[%clk 0:00:48]} 72. Ke3
{[%clk 0:00:13]} Kg4 {[%clk 0:00:50]} 73. Kf2 {[%clk 0:00:16]} Bc4
{[%clk 0:00:52]} 74. Nc5 {[%clk 0:00:21]} Bd5 {[%clk 0:00:56]} 75. Nd3
{[%clk 0:00:25]} Kf5 {[%clk 0:00:53]} 76. Nc5 {[%clk 0:15:05]} 0-1

[Event "Portugal Open Semirrapidas"]
[Site "Lisboa POR"]
[Date "2020.02.02"]
[Round "4.34"]
[White "FERNANDES, Alberto"]
[Black "CARVALHO, Vitor"]
[Result "1-0"]
[BlackElo "1786"]
[WhiteElo "2082"]
[LiveChessVersion "1.4.8"]

1. e4 {[%clk 0:15:08]} c6 {[%clk 0:15:09]} 2. Nc3 {[%clk 0:15:10]} d5
{[%clk 0:15:13]} 3. Nf3 {[%clk 0:15:13]} dxe4 {[%clk 0:15:16]} 4. Nxe4
{[%clk 0:15:16]} Bf5 {[%clk 0:15:11]} 5. Ng3 {[%clk 0:15:19]} Bg6
{[%clk 0:15:15]} 6. Bc4 {[%clk 0:15:01]} e6 {[%clk 0:14:53]} 7. O-O
{[%clk 0:14:56]} Nf6 {[%clk 0:14:56]} 8. Re1 {[%clk 0:14:52]} Be7
{[%clk 0:15:00]} 9. d4 {[%clk 0:14:48]} Nbd7 {[%clk 0:14:55]} 10. c3
{[%clk 0:14:43]} O-O {[%clk 0:14:56]} 11. Bf4 {[%clk 0:14:18]} Nd5
{[%clk 0:14:35]} 12. Bd2 {[%clk 0:13:57]} Bd6 {[%clk 0:13:49]} 13. Bb3
{[%clk 0:13:49]} Re8 {[%clk 0:13:28]} 14. c4 {[%clk 0:12:59]} Nf4
{[%clk 0:13:24]} 15. Bc3 {[%clk 0:12:15]} c5 {[%clk 0:11:52]} 16. Ne4
{[%clk 0:11:11]} Be7 {[%clk 0:10:43]} 17. Qd2 {[%clk 0:10:48]} Nh5
{[%clk 0:10:30]} 18. d5 {[%clk 0:10:41]} exd5 {[%clk 0:10:14]} 19. cxd5
{[%clk 0:10:38]} Nhf6 {[%clk 0:10:08]} 20. Nfg5 {[%clk 0:08:35]} h6
{[%clk 0:09:37]} 21. d6 {[%clk 0:08:25]} Bf8 {[%clk 0:08:54]} 22. Nxf6+
{[%clk 0:08:00]} Nxf6 {[%clk 0:08:50]} 23. Rxe8 {[%clk 0:07:29]} Qxe8
{[%clk 0:08:40]} 24. Bxf6 {[%clk 0:07:18]} gxf6 {[%clk 0:08:25]} 25. d7
{[%clk 0:06:51]} Qe7 {[%clk 0:07:24]} 26. Re1 {[%clk 0:06:50]} fxg5
{[%clk 0:07:06]} 27. Rxe7 {[%clk 0:06:50]} Bxe7 {[%clk 0:07:09]} 28. h4
{[%clk 0:06:44]} Rd8 {[%clk 0:07:00]} 29. hxg5 {[%clk 0:06:37]} hxg5
{[%clk 0:07:01]} 30. Qd5 {[%clk 0:06:23]} b6 {[%clk 0:06:10]} 31. a4
{[%clk 0:06:21]} a5 {[%clk 0:05:54]} 32. Bc4 {[%clk 0:06:20]} Bf6
{[%clk 0:05:33]} 33. Bb5 {[%clk 0:06:01]} Kg7 {[%clk 0:04:40]} 34. b3
{[%clk 0:05:55]} Bd4 {[%clk 0:03:32]} 35. Qxg5 {[%clk 0:05:32]} f6
{[%clk 0:03:22]} 36. Qg3 {[%clk 0:05:33]} Be5 {[%clk 0:03:23]} 37. Qf3
{[%clk 0:05:27]} Rh8 {[%clk 0:03:03]} 38. Qb7 {[%clk 0:04:59]} Bh2+
{[%clk 0:02:58]} 39. Kf1 {[%clk 0:05:02]} Rd8 {[%clk 0:02:50]} 40. Qc8
{[%clk 0:04:56]} 1-0

[Event "Portugal Open Semirrapidas"]
[Site "Lisboa POR"]
[Date "2020.02.02"]
[Round "4.35"]
[White "CHENNAOUI, Yasin"]
[Black "SANTOS, Julio"]
[Result "1-0"]
[BlackElo "1769"]
[WhiteElo "2076"]
[LiveChessVersion "1.4.8"]

1. c4 {[%clk 0:15:09]} e5 {[%clk 0:15:08]} 2. g3 {[%clk 0:15:11]} c6
{[%clk 0:15:11]} 3. d4 {[%clk 0:15:05]} d5 {[%clk 0:14:32]} 4. dxe5
{[%clk 0:14:16]} Bb4+ {[%clk 0:14:36]} 5. Bd2 {[%clk 0:14:15]} Qa5
{[%clk 0:14:19]} 6. cxd5 {[%clk 0:14:05]} cxd5 {[%clk 0:14:14]} 7. Bg2
{[%clk 0:13:57]} Be6 {[%clk 0:14:18]} 8. Bxb4 {[%clk 0:11:54]} Qxb4+
{[%clk 0:14:21]} 9. Qd2 {[%clk 0:11:58]} Qb6 {[%clk 0:13:07]} 10. Nc3
{[%clk 0:11:40]} Nc6 {[%clk 0:12:52]} 11. Nf3 {[%clk 0:10:39]} Nge7
{[%clk 0:12:23]} 12. O-O {[%clk 0:10:31]} O-O {[%clk 0:11:55]} 13. Rfd1
{[%clk 0:10:09]} Rad8 {[%clk 0:11:30]} 14. e3 {[%clk 0:08:49]} Ng6
{[%clk 0:11:09]} 15. Qe2 {[%clk 0:08:16]} Qa5 {[%clk 0:08:48]} 16. Qb5
{[%clk 0:07:43]} Ngxe5 {[%clk 0:08:50]} 17. Qxa5 {[%clk 0:07:20]} Nxf3+
{[%clk 0:08:51]} 18. Bxf3 {[%clk 0:07:24]} Nxa5 {[%clk 0:08:55]} 19. Nxd5
{[%clk 0:07:15]} Rd7 {[%clk 0:07:48]} 20. Nf4 {[%clk 0:06:58]} Rxd1+
{[%clk 0:06:48]} 21. Rxd1 {[%clk 0:07:02]} Bxa2 {[%clk 0:06:48]} 22. Ra1
{[%clk 0:07:01]} b6 {[%clk 0:05:34]} 23. Rxa2 {[%clk 0:07:02]} g5
{[%clk 0:05:14]} 24. Nd5 {[%clk 0:06:16]} Kg7 {[%clk 0:04:08]} 25. b4
{[%clk 0:06:15]} Nc6 {[%clk 0:04:09]} 26. b5 {[%clk 0:06:00]} Na5
{[%clk 0:03:05]} 27. Ne7 {[%clk 0:05:54]} f5 {[%clk 0:02:42]} 28. Nc6
{[%clk 0:05:26]} Nc4 {[%clk 0:02:37]} 29. Rxa7+ {[%clk 0:05:28]} Kh6
{[%clk 0:02:27]} 30. h4 {[%clk 0:04:54]} gxh4 {[%clk 0:01:55]} 31. gxh4
{[%clk 0:04:57]} f4 {[%clk 0:01:59]} 32. Be4 {[%clk 0:04:40]} Rg8+
{[%clk 0:01:31]} 33. Kh2 {[%clk 0:04:39]} Rg7 {[%clk 0:01:20]} 34. exf4
{[%clk 0:04:27]} Nd2 {[%clk 0:01:08]} 35. Bd5 {[%clk 0:04:30]} Rg4 36. Rf7
{[%clk 0:02:27]} Rxh4+ {[%clk 0:00:44]} 37. Kg3 {[%clk 0:02:30]} Rh5
{[%clk 0:00:47]} 38. Ne5 {[%clk 0:02:18]} Nf1+ {[%clk 0:00:37]} 39. Kg2
{[%clk 0:02:17]} Nd2 {[%clk 0:00:34]} 40. Ng4+ {[%clk 0:01:55]} Kg6
{[%clk 0:00:37]} 41. Rf6+ {[%clk 0:01:44]} Kg7 {[%clk 0:00:42]} 42. Rf7+
{[%clk 0:01:47]} Kg6 {[%clk 0:00:46]} 43. Ne5+ {[%clk 0:01:51]} Kh6
{[%clk 0:00:43]} 44. Rf6+ {[%clk 0:01:06]} Kg7 {[%clk 0:00:48]} 45. Rxb6
{[%clk 0:01:09]} Kf8 {[%clk 0:00:45]} 46. Rf6+ {[%clk 0:01:06]} Ke7
{[%clk 0:00:49]} 47. Re6+ {[%clk 0:01:04]} Kd8 {[%clk 0:00:47]} 48. b6
{[%clk 0:01:04]} Rf5 {[%clk 0:00:41]} 49. Nc6+ {[%clk 0:00:56]} Kd7
{[%clk 0:00:39]} 50. Re7+ {[%clk 0:00:46]} Kd6 {[%clk 0:00:44]} 51. b7
{[%clk 0:00:49]} Rxd5 {[%clk 0:00:35]} 52. b8=Q+ {[%clk 0:00:49]} Kxc6
{[%clk 0:00:38]} 53. Re6+ {[%clk 0:00:36]} Kc5 {[%clk 0:00:38]} 54. Re5
{[%clk 0:00:29]} Nc4 {[%clk 0:00:29]} 55. Qc7+ {[%clk 0:00:31]} Kd4
{[%clk 0:00:30]} 56. Qa7+ {[%clk 0:00:30]} 1-0

[Event "Portugal Open Semirrapidas"]
[Site "Lisboa POR"]
[Date "2020.02.02"]
[Round "4.36"]
[White "RIBEIRO, Bruno"]
[Black "BASILIO, Rodrigo"]
[Result "1/2-1/2"]
[BlackElo "1749"]
[WhiteElo "2056"]
[LiveChessVersion "1.4.8"]

1. e4 {[%clk 0:15:08]} c5 {[%clk 0:15:09]} 2. c3 {[%clk 0:15:09]} d5
{[%clk 0:15:12]} 3. exd5 {[%clk 0:15:11]} Qxd5 {[%clk 0:15:13]} 4. d4
{[%clk 0:15:13]} Nc6 {[%clk 0:15:06]} 5. Nf3 {[%clk 0:15:12]} Bg4
{[%clk 0:14:56]} 6. Be2 {[%clk 0:15:10]} Nf6 {[%clk 0:14:49]} 7. O-O
{[%clk 0:15:07]} e6 {[%clk 0:14:52]} 8. Qa4 {[%clk 0:14:59]} cxd4
{[%clk 0:14:05]} 9. cxd4 {[%clk 0:14:55]} Be7 {[%clk 0:14:02]} 10. h3
{[%clk 0:14:32]} Bh5 {[%clk 0:13:51]} 11. Nc3 {[%clk 0:14:33]} Qd7
{[%clk 0:13:55]} 12. Rd1 {[%clk 0:13:44]} O-O {[%clk 0:13:24]} 13. Bg5
{[%clk 0:13:26]} Nd5 {[%clk 0:11:08]} 14. Bxe7 {[%clk 0:12:55]} Qxe7
{[%clk 0:10:49]} 15. Nxd5 {[%clk 0:10:18]} exd5 {[%clk 0:10:52]} 16. Re1
{[%clk 0:10:22]} Qb4 {[%clk 0:10:38]} 17. Qxb4 {[%clk 0:08:54]} Nxb4
{[%clk 0:10:41]} 18. g4 {[%clk 0:08:57]} Bg6 {[%clk 0:10:39]} 19. Rec1
{[%clk 0:08:57]} Nc2 {[%clk 0:10:21]} 20. Rab1 {[%clk 0:08:25]} Nb4
{[%clk 0:10:24]} 21. Ra1 {[%clk 0:08:25]} Nc2 {[%clk 0:10:16]} 22. Rab1
{[%clk 0:08:29]} Nb4 {[%clk 0:10:19]} 1/2-1/2

[Event "Portugal Open Semirrapidas"]
[Site "Lisboa POR"]
[Date "2020.02.02"]
[Round "4.37"]
[White "COUNHAGO, Edgar"]
[Black "GUERREIRO, Nuno"]
[Result "0-1"]
[BlackElo "2054"]
[WhiteElo "1793"]
[LiveChessVersion "1.4.8"]

1. g3 {[%clk 0:15:10]} g6 {[%clk 0:15:01]} 2. Bg2 {[%clk 0:15:12]} Bg7
{[%clk 0:15:04]} 3. c4 {[%clk 0:15:17]} c5 {[%clk 0:15:05]} 4. Nc3
{[%clk 0:15:19]} Nc6 {[%clk 0:15:09]} 5. Nf3 {[%clk 0:15:05]} Nf6
{[%clk 0:15:11]} 6. O-O {[%clk 0:15:07]} O-O {[%clk 0:15:13]} 7. d4
{[%clk 0:14:53]} cxd4 {[%clk 0:15:06]} 8. Nxd4 {[%clk 0:14:57]} d6
{[%clk 0:15:04]} 9. Nxc6 {[%clk 0:14:39]} bxc6 {[%clk 0:15:12]} 10. Bxc6
{[%clk 0:14:42]} Rb8 {[%clk 0:14:32]} 11. Bg2 {[%clk 0:10:59]} Qc7
{[%clk 0:14:25]} 12. Qd4 {[%clk 0:07:45]} Be6 13. Bd5 Nxd5 {[%clk 0:12:55]} 14.
Nxd5 {[%clk 0:07:47]} Bxd4 {[%clk 0:12:49]} 15. Nxc7 {[%clk 0:07:48]} Bxc4
{[%clk 0:12:44]} 16. Bh6 {[%clk 0:06:58]} Rfc8 17. Rfd1 Bxb2 {[%clk 0:12:04]} 18.
Rab1 {[%clk 0:07:00]} Rxc7 {[%clk 0:11:37]} 19. Bc1 {[%clk 0:06:17]} Rcb7
{[%clk 0:11:32]} 20. Rd2 {[%clk 0:06:15]} Bxc1 {[%clk 0:11:27]} 21. Rxb7
{[%clk 0:06:11]} Rxb7 {[%clk 0:11:27]} 22. Rc2 {[%clk 0:06:15]} Bxe2
{[%clk 0:11:13]} 0-1

[Event "Portugal Open Semirrapidas"]
[Site "Lisboa POR"]
[Date "2020.02.02"]
[Round "4.38"]
[White "CARDOSO, Miguel Sanchez"]
[Black "LEAO, Tiago"]
[Result "0-1"]
[BlackElo "2050"]
[WhiteElo "1781"]
[LiveChessVersion "1.4.8"]

1. d4 {[%clk 0:15:08]} Nf6 2. Nf3 e6 3. e3 {[%clk 0:15:15]} d5 {[%clk 0:15:07]}
4. Bd3 {[%clk 0:15:18]} c5 {[%clk 0:15:11]} 5. O-O {[%clk 0:15:15]} Nc6
{[%clk 0:15:14]} 6. c3 {[%clk 0:15:10]} Bd6 {[%clk 0:15:12]} 7. Nbd2
{[%clk 0:15:12]} b6 {[%clk 0:14:59]} 8. Re1 {[%clk 0:15:02]} O-O {[%clk 0:14:26]}
9. e4 {[%clk 0:14:41]} Bf4 {[%clk 0:13:08]} 10. e5 {[%clk 0:14:36]} Nd7
{[%clk 0:13:08]} 11. g3 {[%clk 0:14:02]} Bh6 {[%clk 0:13:11]} 12. Nf1
{[%clk 0:13:57]} Bxc1 {[%clk 0:13:03]} 13. Rxc1 {[%clk 0:14:00]} f6
{[%clk 0:11:34]} 14. exf6 {[%clk 0:13:44]} Qxf6 {[%clk 0:11:31]} 15. N1d2
{[%clk 0:08:26]} e5 {[%clk 0:11:17]} 16. Bb5 {[%clk 0:08:04]} e4 {[%clk 0:09:01]}
17. Bxc6 {[%clk 0:07:55]} Qxc6 {[%clk 0:09:03]} 18. Nh4 {[%clk 0:07:54]} Qf6
{[%clk 0:07:08]} 19. Qe2 {[%clk 0:06:20]} cxd4 {[%clk 0:07:02]} 20. cxd4
{[%clk 0:06:20]} Qxd4 {[%clk 0:07:01]} 21. Nb3 {[%clk 0:06:20]} Qf6
{[%clk 0:06:07]} 22. Qe3 {[%clk 0:05:52]} Ne5 {[%clk 0:05:57]} 23. Rc2
{[%clk 0:05:36]} g5 {[%clk 0:04:13]} 24. f4 {[%clk 0:04:55]} gxf4
{[%clk 0:03:25]} 25. gxf4 {[%clk 0:02:58]} Qxf4 {[%clk 0:03:10]} 26. Qxf4
{[%clk 0:03:01]} Rxf4 {[%clk 0:03:14]} 27. Ng2 {[%clk 0:02:51]} Nf3+
{[%clk 0:02:49]} 28. Kf2 {[%clk 0:02:20]} Nxe1+ {[%clk 0:02:39]} 29. Kxe1
{[%clk 0:02:23]} Rf7 {[%clk 0:02:00]} 30. Ne3 {[%clk 0:02:25]} Bb7
{[%clk 0:01:55]} 31. Nd4 {[%clk 0:02:26]} Raf8 {[%clk 0:01:35]} 32. Ne6
{[%clk 0:02:24]} Rf3 {[%clk 0:01:13]} 33. Rg2+ {[%clk 0:02:08]} Kf7
{[%clk 0:00:38]} 34. Ng5+ {[%clk 0:02:05]} Ke7 {[%clk 0:00:37]} 35. Nxf3
{[%clk 0:02:02]} Rxf3 {[%clk 0:00:32]} 36. Rg7+ {[%clk 0:02:06]} Rf7
{[%clk 0:00:30]} 37. Nf5+ {[%clk 0:02:01]} Kf6 {[%clk 0:00:23]} 38. Rxf7+
{[%clk 0:02:04]} Kxf7 {[%clk 0:00:28]} 39. Nd6+ {[%clk 0:02:08]} Ke6
{[%clk 0:00:28]} 40. Nxb7 {[%clk 0:02:11]} Kd7 {[%clk 0:00:31]} 41. Ke2
{[%clk 0:00:34]} Kc7 {[%clk 0:00:35]} 42. Nc5 {[%clk 0:00:18]} bxc5
{[%clk 0:00:38]} 43. Ke3 {[%clk 0:00:21]} Kc6 {[%clk 0:00:39]} 44. a4
{[%clk 0:00:23]} Kb6 {[%clk 0:00:44]} 45. Kf4 {[%clk 0:00:20]} Ka5
{[%clk 0:00:48]} 46. Ke5 {[%clk 0:00:24]} e3 0-1

[Event "Portugal Open Semirrapidas"]
[Site "Lisboa POR"]
[Date "2020.02.02"]
[Round "4.39"]
[White "FERNANDES, Joao Pedro"]
[Black "BARROS, Luis Carlos"]
[Result "1-0"]
[BlackElo "1722"]
[WhiteElo "2021"]
[LiveChessVersion "1.4.8"]

1. e4 {[%clk 0:15:08]} g6 {[%clk 0:15:07]} 2. d4 {[%clk 0:15:11]} Bg7
{[%clk 0:15:10]} 3. Nc3 {[%clk 0:15:14]} d6 {[%clk 0:15:10]} 4. Be3
{[%clk 0:15:15]} Nd7 {[%clk 0:15:04]} 5. Qd2 {[%clk 0:15:12]} b6 {[%clk 0:15:06]}
6. f3 {[%clk 0:14:54]} Bb7 {[%clk 0:14:54]} 7. g4 {[%clk 0:14:32]} c5
{[%clk 0:14:37]} 8. Nge2 {[%clk 0:13:51]} Ngf6 {[%clk 0:14:26]} 9. h4
{[%clk 0:13:44]} Qc7 {[%clk 0:14:16]} 10. O-O-O {[%clk 0:13:22]} O-O-O
{[%clk 0:13:59]} 11. h5 {[%clk 0:12:25]} h6 {[%clk 0:12:59]} 12. hxg6
{[%clk 0:11:40]} fxg6 {[%clk 0:13:01]} 13. Nf4 {[%clk 0:10:22]} Nf8
{[%clk 0:12:38]} 14. dxc5 {[%clk 0:09:10]} bxc5 {[%clk 0:12:07]} 15. Nb5
{[%clk 0:08:32]} Qb6 {[%clk 0:11:53]} 16. a4 {[%clk 0:08:26]} e5 {[%clk 0:11:31]}
17. a5 {[%clk 0:07:49]} Qa6 {[%clk 0:11:02]} 18. Bxc5 {[%clk 0:07:24]} Bxe4
{[%clk 0:08:38]} 19. Nxa7+ {[%clk 0:07:11]} Qxa7 {[%clk 0:07:57]} 20. Bxa7
{[%clk 0:07:14]} Rd7 {[%clk 0:07:49]} 21. Ba6+ {[%clk 0:07:08]} Kd8
{[%clk 0:07:45]} 22. Bb6+ {[%clk 0:07:08]} Ke7 {[%clk 0:07:40]} 23. fxe4
{[%clk 0:06:58]} exf4 {[%clk 0:07:22]} 24. Bb5 {[%clk 0:06:30]} Nxe4
{[%clk 0:06:13]} 25. Qe2 {[%clk 0:06:22]} d5 {[%clk 0:05:16]} 26. Bxd7
{[%clk 0:06:24]} Nxd7 {[%clk 0:04:51]} 27. Rxd5 {[%clk 0:06:11]} Ndf6
{[%clk 0:04:26]} 28. Re5+ {[%clk 0:06:08]} Kf7 {[%clk 0:04:22]} 29. Rxe4
{[%clk 0:05:43]} Nxe4 {[%clk 0:04:10]} 30. Qxe4 {[%clk 0:05:45]} h5
{[%clk 0:03:43]} 31. Qd5+ {[%clk 0:05:36]} 1-0

[Event "Portugal Open Semirrapidas"]
[Site "Lisboa POR"]
[Date "2020.02.02"]
[Round "4.40"]
[White "SILVA, Tiago"]
[Black "TIERES, Cristiano"]
[Result "1-0"]
[BlackElo "2021"]
[WhiteElo "1710"]
[LiveChessVersion "1.4.8"]

1. e4 {[%clk 0:15:08]} c5 {[%clk 0:13:14]} 2. c4 {[%clk 0:15:12]} Nc6
{[%clk 0:13:16]} 3. Nc3 {[%clk 0:15:16]} g6 {[%clk 0:13:20]} 4. g3
{[%clk 0:15:21]} Bg7 {[%clk 0:13:24]} 5. Bg2 {[%clk 0:15:25]} e6 {[%clk 0:13:28]}
6. Nge2 {[%clk 0:15:30]} Nge7 {[%clk 0:13:31]} 7. a3 O-O {[%clk 0:13:33]} 8. d3
{[%clk 0:15:37]} b6 {[%clk 0:13:30]} 9. Rb1 {[%clk 0:15:41]} Bb7 {[%clk 0:13:21]}
10. O-O {[%clk 0:15:41]} Nd4 {[%clk 0:13:21]} 11. b4 {[%clk 0:15:40]} d6
{[%clk 0:13:11]} 12. Nxd4 {[%clk 0:15:40]} cxd4 13. Ne2 Rc8 {[%clk 0:12:53]} 14.
Bg5 {[%clk 0:15:27]} Qd7 {[%clk 0:12:53]} 15. Bxe7 {[%clk 0:15:22]} Qxe7
{[%clk 0:12:56]} 16. Qa4 {[%clk 0:15:17]} Qc7 {[%clk 0:12:45]} 17. Rfc1
{[%clk 0:14:21]} e5 {[%clk 0:12:28]} 18. c5 {[%clk 0:13:14]} dxc5
{[%clk 0:12:04]} 19. bxc5 {[%clk 0:13:18]} Bc6 {[%clk 0:10:37]} 20. cxb6
{[%clk 0:12:59]} axb6 {[%clk 0:10:42]} 21. Qb3 {[%clk 0:12:20]} Rb8
{[%clk 0:10:33]} 22. Qc4 {[%clk 0:12:18]} Rfc8 {[%clk 0:10:34]} 23. Bh3
{[%clk 0:12:17]} b5 {[%clk 0:10:23]} 24. Qc2 {[%clk 0:11:46]} Bh6
{[%clk 0:10:23]} 25. Bxc8 {[%clk 0:11:11]} Bxc1 {[%clk 0:10:24]} 26. Rxc1
{[%clk 0:10:59]} Rxc8 {[%clk 0:10:28]} 27. Qc5 {[%clk 0:09:58]} Qb8
{[%clk 0:10:06]} 28. Qb4 {[%clk 0:08:11]} Qb7 {[%clk 0:09:56]} 29. Qd6
{[%clk 0:07:48]} Qc7 {[%clk 0:09:15]} 30. Qxc7 {[%clk 0:07:32]} Rxc7
{[%clk 0:09:19]} 31. f4 {[%clk 0:07:23]} f6 {[%clk 0:09:23]} 32. fxe5
{[%clk 0:07:20]} fxe5 {[%clk 0:09:27]} 33. Rc5 {[%clk 0:07:23]} Kf7
{[%clk 0:09:11]} 34. Rxe5 {[%clk 0:06:51]} Rd7 {[%clk 0:08:30]} 35. Rc5
{[%clk 0:05:15]} Ba8 {[%clk 0:06:20]} 36. Rxb5 {[%clk 0:04:29]} Ra7
{[%clk 0:06:24]} 37. Rb3 {[%clk 0:04:18]} Ra4 {[%clk 0:06:28]} 38. Kf2
{[%clk 0:03:37]} Kf6 {[%clk 0:06:32]} 39. Ng1 {[%clk 0:03:11]} Kg5
{[%clk 0:06:31]} 40. h3 {[%clk 0:03:03]} Ra6 {[%clk 0:06:18]} 41. Nf3+
{[%clk 0:03:03]} Kh6 {[%clk 0:06:18]} 42. Nxd4 {[%clk 0:02:59]} Ra7
{[%clk 0:06:21]} 43. Ke3 {[%clk 0:02:52]} Re7 {[%clk 0:06:18]} 44. Rb6
{[%clk 0:02:48]} Kh5 {[%clk 0:06:05]} 45. Nf3 {[%clk 0:02:42]} Kh6
{[%clk 0:05:51]} 46. g4 {[%clk 0:02:36]} Bd5 {[%clk 0:05:51]} 47. Nd4
{[%clk 0:02:25]} Kg7 {[%clk 0:05:44]} 48. a4 {[%clk 0:02:10]} Ba2
{[%clk 0:05:47]} 49. a5 {[%clk 0:02:11]} Rf7 {[%clk 0:05:33]} 50. a6
{[%clk 0:02:02]} Bd5 {[%clk 0:05:23]} 51. exd5 {[%clk 0:02:01]} Kh6
{[%clk 0:05:22]} 52. h4 {[%clk 0:01:54]} Re7+ {[%clk 0:05:24]} 53. Kf4
{[%clk 0:01:51]} Re1 {[%clk 0:05:24]} 54. Nf5# {[%clk 0:01:48]} 1-0

[Event "Portugal Open Semirrapidas"]
[Site "Lisboa POR"]
[Date "2020.02.02"]
[Round "4.41"]
[White "GARCIA, Antonio"]
[Black "NETO, Horacio"]
[Result "1/2-1/2"]
[BlackElo "2006"]
[WhiteElo "1685"]
[LiveChessVersion "1.4.8"]

1. d4 {[%clk 0:15:06]} Nf6 {[%clk 0:15:08]} 2. c4 {[%clk 0:15:05]} e6
{[%clk 0:15:11]} 3. Nf3 {[%clk 0:15:01]} Bb4+ {[%clk 0:15:05]} 4. Bd2
{[%clk 0:14:43]} Qe7 {[%clk 0:15:01]} 5. Qb3 {[%clk 0:14:13]} Bxd2+
{[%clk 0:14:11]} 6. Nbxd2 {[%clk 0:14:14]} d6 {[%clk 0:14:05]} 7. e3
{[%clk 0:13:18]} O-O {[%clk 0:14:02]} 8. Be2 {[%clk 0:13:00]} Nbd7
{[%clk 0:13:41]} 9. O-O {[%clk 0:12:54]} b6 {[%clk 0:13:10]} 10. Rfe1
{[%clk 0:10:29]} Bb7 {[%clk 0:12:50]} 11. Rac1 {[%clk 0:09:59]} c5
{[%clk 0:12:15]} 12. Bd3 {[%clk 0:09:20]} Rfd8 {[%clk 0:11:43]} 13. Ng5
{[%clk 0:07:36]} Rac8 14. Nge4 {[%clk 0:06:26]} Nxe4 {[%clk 0:04:33]} 15. Bxe4
{[%clk 0:06:05]} Nf6 {[%clk 0:03:52]} 16. Bxb7 {[%clk 0:05:42]} Qxb7
{[%clk 0:03:55]} 17. Nf3 {[%clk 0:04:49]} h6 {[%clk 0:03:53]} 18. Qc2
{[%clk 0:04:09]} cxd4 {[%clk 0:03:16]} 19. Nxd4 {[%clk 0:03:54]} d5
{[%clk 0:03:12]} 20. Qa4 {[%clk 0:02:38]} dxc4 {[%clk 0:02:33]} 21. Rxc4
{[%clk 0:02:36]} Rxc4 {[%clk 0:02:29]} 22. Qxc4 {[%clk 0:02:40]} Rc8
{[%clk 0:02:33]} 23. Qd3 {[%clk 0:02:08]} a6 {[%clk 0:02:16]} 24. Rd1
{[%clk 0:02:00]} b5 {[%clk 0:02:16]} 25. Nf3 {[%clk 0:01:55]} Nd5
{[%clk 0:02:03]} 26. h3 {[%clk 0:01:55]} Qc7 {[%clk 0:01:58]} 27. Nd4
{[%clk 0:01:49]} Qc4 {[%clk 0:01:54]} 28. Qxc4 {[%clk 0:01:42]} Rxc4
{[%clk 0:01:58]} 29. b3 {[%clk 0:01:35]} Rc7 {[%clk 0:01:51]} 30. Rd2
{[%clk 0:01:27]} g6 {[%clk 0:01:47]} 31. g3 {[%clk 0:01:27]} Kg7 {[%clk 0:01:33]}
32. Kg2 {[%clk 0:01:31]} Rc1 {[%clk 0:01:08]} 1/2-1/2